ბათუმის შოთა რუსთაველის სახელმწიფო უნივერსიტეტის ბიბლიოთეკა

The Parsifal Mosaic. (ბიბ.ჩანაწერი № 44842)

000 -LEADER
fixed length control field 00475nam a2200217Ia 4500
001 - CONTROL NUMBER
control field 11656
003 - CONTROL NUMBER IDENTIFIER
control field GE_BSU
008 - FIXED-LENGTH DATA ELEMENTS--GENERAL INFORMATION
fixed length control field 181216s||||||||xx |||||||||||||| ||und||
020 ## - INTERNATIONAL STANDARD BOOK NUMBER
International Standard Book Number 0246114177
040 ## - CATALOGING SOURCE
Transcribing agency GE_BSU
080 ## - UNIVERSAL DECIMAL CLASSIFICATION NUMBER
Universal Decimal Classification number 811.111
100 ## - MAIN ENTRY--PERSONAL NAME
Personal name Ludlum,Robert.
245 #4 - TITLE STATEMENT
Title The Parsifal Mosaic.
250 ## - EDITION STATEMENT
Edition statement Edition 1st ed.
260 ## - PUBLICATION, DISTRIBUTION, ETC.
Place of publication, distribution, etc. New York.
260 ## - PUBLICATION, DISTRIBUTION, ETC.
Name of publisher, distributor, etc. Granada.
260 ## - PUBLICATION, DISTRIBUTION, ETC.
Date of publication, distribution, etc. 1982.
300 ## - PHYSICAL DESCRIPTION
Extent 630p;25cm.
653 ## - INDEX TERM--UNCONTROLLED
Uncontrolled term The Parsifal Mosaic.
942 ## - ADDED ENTRY ELEMENTS (KOHA)
Koha item type წიგნი
ეგზემპლარები
Withdrawn status Lost status Damaged status Not for loan Date acquired Barcode Date last seen Price effective from Koha item type
        2018-12-17 35504 2018-12-17 2018-12-17 წიგნი